| 000 | 00389nam a2200121Ia 4500 | ||
|---|---|---|---|
| 008 | 230907s9999||||xx |||||||||||||| ||und|| | ||
| 082 |
_a355.3430954 _bYAM |
||
| 100 |
_aYamin, Tughral, _91533 |
||
| 245 | 0 | _aCyberspace CBMs between Pakistan and India / | |
| 260 |
_aNational University of Sciences and Technology Islāmābād; _bIslamabad: _c2014 |
||
| 300 | _axvi, 275 pages ; | ||
| 942 | _cBK | ||
| 999 |
_c597380 _d597380 |
||